Los mejores cuentos

Salvato in:
Dettagli Bibliografici
Autore principale: Solar, Hernán del (Autore)
Natura: Libro
Lingua:spagnolo
Pubblicazione: Santiago Zig-Zag 1969
Soggetti:
Tags: Aggiungi Tag
Nessun Tag, puoi essere il primo ad aggiungerne!!

MARC

LEADER 00000nam a2200000 a 4500
001 UCQ6437
003 CL-VaPUC
008 981016e19690000CL |||||||||||||||||spa|d
082 0 4 |a Ch863  |b SOL  |2 21 
100 0 |a Solar, Hernán del  |e author  |9 420318 
245 1 4 |a Los mejores cuentos 
300 |a 154 p 
942 |c BK 
945 |d 19981016 00:00:00  |a crobeson 
260 |a Santiago  |b Zig-Zag  |c 1969 
650 0 |a Cuentos chilenos   |9 308280 
650 0 |a Literatura chilena   |9 308278 
583 |a last modification  |c 19981016 00:00:00  |k Rodrigo Vera 
999 |c 276394  |d 276392 
952 |0 0  |1 0  |4 0  |6 CH_863_000000000000000_SOL_1969  |7 0  |8 A  |9 313601  |a BIBEDU  |b BIBEDU  |d 2019-11-20  |i 1481592  |o Ch863 SOL 1969  |p 1481592  |r 2019-11-20  |w 2019-11-20  |y BK  |k LIT 
952 |0 0  |1 0  |4 0  |6 CH_863_000000000000000_SOL_1969  |7 0  |8 A  |9 313602  |a BIBEDU  |b BIBEDU  |d 2019-11-20  |i 1481606  |o Ch863 SOL 1969  |p 1481606  |r 2019-11-20  |w 2019-11-20  |y BK  |k LIT